00655nam a2200193Ia 4500008004100000020001400041082001500055100001900070245006700089250000700156260004500163300002700208500001900235600002100254650005000275942000700325952011400332999001500446240925s9999 xx 000 0 und d a136142230 a005.72 JEL aJelliffe, Rick 4aThe XML and SGML Cook Book: recipes for structured information aNA aNew Jersey:bPrintice- Hall Int.c,1998. axl,600p.bNAfOriginal aIncludes Index aComputer Science aComputer science, information & general works cBK 001040708CSaUITUbUITUd2000-07-28eNAg395.00l0o005.72 JELpQ2681r2024-09-25 07:12:53w2024-09-25yBK c5180d5180